[Event "Mexican op 67th"]
[Site "Chihuahua City"]
[Date "2022.04.14"]
[Round "4"]
[White "Ramirez Esqueda, Edson Oswaldo"]
[Black "Avila Rodriguez, Joshua Ad"]
[Result "0-1"]
[WhiteElo "1931"]
[BlackElo "2220"]
[PlyCount "84"]
[EventDate "2022.04.12"]
[EventType "swiss"]
[EventRounds "9"]
[EventCountry "MEX"]
[SourceTitle "CBM 207 Extra"]
[Source "ChessBase"]
[SourceDate "2022.05.31"]
[SourceVersion "1"]
[SourceVersionDate "2022.05.31"]
[SourceQuality "1"]

1. e4 c5 2. Nf3 d6 3. d4 cxd4 4. Nxd4 Nf6 5. Nc3 a6 6. f3 e5 7. Nb3 Be7 8. Be3 Be6 9. Qd2 h5 10. 0-0-0 Nbd7 11. Kb1 Rc8 12. Nd5 Nxd5 13. exd5 Bf5 14. Bd3 Bxd3 15. Qxd3 Bg5 16. Bf2 0-0 17. h4 Bh6 18. g4 Bf4 19. Rhg1 hxg4 20. Rxg4 f5 21. Rg2 b5 22. Rdg1 Rf7 23. Rg6 Nf8 24. R6g2 Qf6 25. Be1 Re8 26. Qc3 Ree7 27. Na5 Qh6 28. Nc6 Re8 29. Bf2 Bd2 30. Qd3 e4 31. fxe4 fxe4 32. Qd4 e3 33. Be1 Bxe1 34. Rxe1 e2 35. Rgg1 Qh5 36. Rg5 Qf3 37. b3 Re4 38. Qg1 Qf1 39. Nd8 Qxg1 40. Rgxg1 Rf5 41. Rg5 Rf1 42. Rg1 Rxg1 0-1